Accounting information and reporting systems / (Record no. 344849)
[ view plain ]
| 000 -LEADER | |
|---|---|
| fixed length control field | 01213 a2200205 4500 |
| 020 ## - INTERNATIONAL STANDARD BOOK NUMBER | |
| International Standard Book Number | 0074711407 |
| 020 ## - INTERNATIONAL STANDARD BOOK NUMBER | |
| International Standard Book Number | 9780074711408 |
| 090 ## - LOCALLY ASSIGNED LC-TYPE CALL NUMBER (OCLC); LOCAL CALL NUMBER (RLIN) | |
| -- | 2350 |
| -- | 2350 |
| 100 1# - MAIN ENTRY--PERSONAL NAME | |
| Personal name | Aseervatham, Al. |
| 245 10 - TITLE STATEMENT | |
| Title | Accounting information and reporting systems / |
| Statement of responsibility, etc. | Al Aseervatham. |
| 250 ## - EDITION STATEMENT | |
| Edition statement | Australian ed ed. |
| 260 ## - PUBLICATION, DISTRIBUTION, ETC. | |
| Place of publication, distribution, etc. | [S.l.] : |
| Name of publisher, distributor, etc. | McGraw Hill Higher Education, |
| Date of publication, distribution, etc. | 2002. |
| 300 ## - PHYSICAL DESCRIPTION | |
| Extent | 440 p. ; |
| Dimensions | 24 cm. |
| 500 ## - GENERAL NOTE | |
| General note | Paperback. |
| 520 ## - SUMMARY, ETC. | |
| Summary, etc. | This is the only Australian book on accounting information systems. This innovative new text follows a logical progression from basic principles and builds on the knowledge acquired in each chapter. A running case study throughout the book offers a practical application of the theory that is developed in each chapter. With learning objectives, key terms, practical and numerical examples, summaries, self-test problems and review exercises this text provides all the teaching and learning tools students require. |
| 700 1# - ADDED ENTRY--PERSONAL NAME | |
| Personal name | Anandarajah, Duraiappah. |
| 856 40 - ELECTRONIC LOCATION AND ACCESS | |
| Materials specified | Amazon.com |
| Uniform Resource Identifier | <a href="http://www.amazon.com/exec/obidos/ASIN/0074711407/chopaconline-20">http://www.amazon.com/exec/obidos/ASIN/0074711407/chopaconline-20</a> |
| 856 40 - ELECTRONIC LOCATION AND ACCESS | |
| Materials specified | Amazon customer reviews |
| Uniform Resource Identifier | <a href="http://www.chopac.org/cgi-bin/tools/azrev.pl?q=0074711407">http://www.chopac.org/cgi-bin/tools/azrev.pl?q=0074711407</a> |
| 942 ## - ADDED ENTRY ELEMENTS (KOHA) | |
| Institution code [OBSOLETE] | NBS |
| Koha item type | Book |
| Call number prefix | 657.046 ASE |
| Withdrawn status | Lost status | Damaged status | Not for loan | Permanent Location | Current Location | Date acquired | Total Checkouts | Full call number | Barcode | Date last seen | Price effective from | Koha item type |
|---|---|---|---|---|---|---|---|---|---|---|---|---|
| Central Library (CL) | Central Library (CL) | 08/28/2013 | 657.046 ASE | NBS5999 | 07/11/2014 | 08/28/2013 | Book |
